|
|
|
|
| LEADER |
00000nam0a2200000 4500 |
| 001 |
296792 |
| 005 |
20231102000937.0 |
| 035 |
|
|
|a (RuTPU)RU\TPU\book\321900
|
| 090 |
|
|
|a 296792
|
| 100 |
|
|
|a 20150603d1984 km y0rusy50 ca
|
| 101 |
0 |
|
|a rus
|
| 102 |
|
|
|a RU
|
| 105 |
|
|
|a y z 001zy
|
| 200 |
1 |
|
|a Научный коммунизм и конкретные социологические исследования (методологические и методические вопросы)
|f И. М. Слепенков
|
| 210 |
|
|
|a Москва
|c Изд-во Московского университета
|d 1984
|
| 215 |
|
|
|a 254 с.
|
| 225 |
1 |
|
|a Научный коммунизм
|
| 320 |
|
|
|a Библиогр.: с. 247-254
|
| 606 |
1 |
|
|a Конкретно-социологические исследования
|x Математические методы
|x Точность
|x Экспертные оценки
|2 stltpush
|3 (RuTPU)RU\TPU\subj\15369
|9 41617
|
| 606 |
1 |
|
|a Научный коммунизм
|x Социальная философия
|2 stltpush
|3 (RuTPU)RU\TPU\subj\71681
|9 85472
|
| 610 |
1 |
|
|a методология
|
| 610 |
1 |
|
|a методики
|
| 610 |
1 |
|
|a марксистский подход
|
| 610 |
1 |
|
|a программы
|
| 610 |
1 |
|
|a анкетирование
|
| 610 |
1 |
|
|a опросы
|
| 610 |
1 |
|
|a интервью
|
| 686 |
|
|
|a С5в
|v LBC/SL-A
|2 rubbk
|
| 686 |
|
|
|a Ю621.18
|v LBC/SL-A
|2 rubbk
|
| 700 |
|
1 |
|a Слепенков
|b И. М.
|g Иван Маркелович
|
| 801 |
|
1 |
|a RU
|b 63413507
|c 20150603
|
| 801 |
|
2 |
|a RU
|b 63413507
|c 20190204
|g RCR
|
| 942 |
|
|
|c BK
|